Culture générale ! Une image... Un des... (13) - Statistiques

Statistiques générales
  • Ce quiz a été pris 55 fois
  • Le résultat moyen est 4 sur 20
Statistiques - réponses
Par images Hint Réponse % Correct
personnages de BD (nom) Titeuf
79%
alcools français connus à l'étranger Cognac
67%
drapeaux aux couleurs panarabes Emirats Arabes Unis
56%
capitales européennes de la culture (ville) Lille
42%
Rolling stones Mick Jagger
31%
boites aux lettres du monde (pays) Pays-bas
21%
albums d'Astérix (titre) Astérix légionnaire
19%
types de chapeau bibi
19%
inconnues célèbres Ingrid Chauvin
17%
blasons de la gendarmerie (région administrative) Auvergne-Rhône-Alpes
10%
poissons pêchés en France Turbot
6%
monuments de Paris Hôtel Matignon
4%
Français les plus médaillés aux JO Alain Mimoun
2%
princes de Monaco Albert 1er
2%
véhicules de Tintin qui apparait dans l'album... Coke en stock
2%
films de Jean-Paul Belmondo Le Guignolo
2%
patrimoines culturels immatériel de l'humanité en France Tapisserie d'Aubusson
2%
cathédrales de France Bourges
0%
villages préférés des Français Kaysersberg
0%
meubles en héraldique perdrix
0%
Aucun quiz correspondant
Distribution des résultats
% des personnes avec chaque résultat
Percentile par nombre de réponses
Votre historique - résultats
Vous n’avez pas pris ce quiz